000
00230nam a2200097Ia 4500
001
996527
005
20250826221507.0
008
250824s9999 xx 000 0 und d
245
0
_a
ÇALINAN MEKTUP
_c
EDGAR ALLAN POE
260
_b
KETEBE
999
_c
996527
_d
996527